Statistics for Most World Cup tournaments without reaching semi-finals

Click here to take the quiz!

General Stats

  • This quiz has been taken 26 times
  • The average score is 12 of 16

Answer Stats

TournamentsAnswer% Correct
5Japan
95%
15Mexico
95%
4Australia
86%
5Nigeria
86%
8Paraguay
86%
5Colombia
82%
4Peru
77%
4Algeria
73%
4Costa Rica
73%
4Saudi Arabia
73%
10Switzerland
73%
4Denmark
68%
8Scotland
68%
4Iran
64%
4Morocco
64%
4Tunisia
45%

Score Distribution

Percentile by Number Answered

Percent of People with Each Score

Your Score History

You have not taken this quiz